<?xml version="1.0" encoding="UTF-8"?>
<record
    xmlns:xsi="http://www.w3.org/2001/XMLSchema-instance"
    xsi:schemaLocation="http://www.loc.gov/MARC21/slim http://www.loc.gov/standards/marcxml/schema/MARC21slim.xsd"
    xmlns="http://www.loc.gov/MARC21/slim">

  <leader>03503nam a2200337 a 4500</leader>
  <controlfield tag="003">OSt</controlfield>
  <controlfield tag="005">20250918091422.0</controlfield>
  <controlfield tag="007">cr ||||||a|a|a</controlfield>
  <controlfield tag="008">250815s2025    mx a|||fom||| 001 0 spa d</controlfield>
  <datafield tag="040" ind1=" " ind2=" ">
    <subfield code="e">rda</subfield>
  </datafield>
  <datafield tag="100" ind1="1" ind2=" ">
    <subfield code="a">Pedraza Reyes, Salvador Eduardo</subfield>
    <subfield code="9">190949</subfield>
  </datafield>
  <datafield tag="245" ind1="1" ind2="0">
    <subfield code="a">Efecto de un sistema de alimentaci&#xF3;n de cafeter&#xED;a en gallinas Bovans white/</subfield>
    <subfield code="c">por  Salvador Eduardo Pedraza Reyes; director de tesis  Benito Bello Olivera; secretario Jennifer P&#xE9;rez Martinez; vocal Mar&#xED;a Guadalupe Zambrano Velasco; suplente Esther Sosa Montes; suplente Eliseo Sosa Montes.</subfield>
  </datafield>
  <datafield tag="264" ind1=" " ind2="1">
    <subfield code="a">Chapingo, M&#xE9;xico :</subfield>
    <subfield code="b">El autor,</subfield>
    <subfield code="c">2025.</subfield>
  </datafield>
  <datafield tag="300" ind1=" " ind2=" ">
    <subfield code="a">1 recurso en l&#xED;nea (60 p&#xE1;ginas):</subfield>
    <subfield code="b">cuadros, figuras.</subfield>
  </datafield>
  <datafield tag="336" ind1=" " ind2=" ">
    <subfield code="2">rdacontent</subfield>
    <subfield code="a">texto</subfield>
    <subfield code="b">txt</subfield>
  </datafield>
  <datafield tag="337" ind1=" " ind2=" ">
    <subfield code="2">rdamedia</subfield>
    <subfield code="a">computadora</subfield>
    <subfield code="b">c</subfield>
  </datafield>
  <datafield tag="338" ind1=" " ind2=" ">
    <subfield code="2">rdacarrier</subfield>
    <subfield code="a">recurso en l&#xED;nea</subfield>
    <subfield code="b">cr</subfield>
  </datafield>
  <datafield tag="502" ind1=" " ind2=" ">
    <subfield code="b">IAEZ</subfield>
    <subfield code="c">Zootecn&#xED;a</subfield>
    <subfield code="d">2025.</subfield>
    <subfield code="g">LIC</subfield>
  </datafield>
  <datafield tag="504" ind1=" " ind2=" ">
    <subfield code="a">Incluye referencias bibliogr&#xE1;fica:52-57 p&#xE1;ginas .</subfield>
  </datafield>
  <datafield tag="520" ind1=" " ind2=" ">
    <subfield code="a">La alimentaci&#xF3;n representa hasta el 80% de los costos en los sistemas de producci&#xF3;n animal, por lo que la optimizaci&#xF3;n de las estrategias alimenticias es fundamental para mejorar la rentabilidad de las unidades de producci&#xF3;n pecuaria. En este contexto, el presente estudio evalu&#xF3; el impacto del sistema de alimentaci&#xF3;n tipo cafeter&#xED;a en el consumo de nutrientes y el comportamiento productivo de gallinas Bovans White en postura, con el objetivo de mejorar la eficiencia alimenticia en avicultura. Se llev&#xF3; a cabo un dise&#xF1;o experimental con dos grupos de alimentaci&#xF3;n y cuatro repeticiones, utilizando un total de 64 gallinas Bovans White de 48 semanas de edad, distribuidas completamente al azar. Se compararon dos tratamientos: una dieta convencional (testigo) y un sistema de alimentaci&#xF3;n tipo cafeter&#xED;a, en el que las aves tuvieron acceso a dos comederos, uno con una dieta alta en energ&#xED;a, prote&#xED;na y f&#xF3;sforo, y otro con una dieta rica en calcio. Se evaluaron el consumo de alimento, el porcentaje de postura, la masa y el peso del huevo, la conversi&#xF3;n alimenticia y el consumo de f&#xF3;sforo (P), calcio (Ca) y energ&#xED;a metabolizable (EM). Los resultados mostraron que las gallinas, gracias a su capacidad natural de selecci&#xF3;n de alimento, lograron ajustar su ingesta para cubrir sus requerimientos de calcio sin comprometer su estado nutricional ni la producci&#xF3;n de huevo. Se observ&#xF3; un aumento en el peso y la masa del huevo, sin diferencias significativas en el porcentaje de postura, adem&#xE1;s de una reducci&#xF3;n en la conversi&#xF3;n alimenticia, lo que indica una mayor eficiencia del sistema de alimentaci&#xF3;n tipo cafeter&#xED;a en comparaci&#xF3;n con el m&#xE9;todo convencional. Estos hallazgos sugieren que la implementaci&#xF3;n de este sistema puede mejorar la productividad en aves de postura, optimizar el uso de los nutrientes y reducir costos de alimentaci&#xF3;n, contribuyendo as&#xED; a la sostenibilidad de la producci&#xF3;n av&#xED;cola.</subfield>
  </datafield>
  <datafield tag="650" ind1=" " ind2="4">
    <subfield code="a">Gallinas</subfield>
    <subfield code="x">Nutrici&#xF3;n</subfield>
    <subfield code="9">44443</subfield>
  </datafield>
  <datafield tag="650" ind1=" " ind2="4">
    <subfield code="a">Gallinas de postura</subfield>
    <subfield code="x">Rendimiento</subfield>
    <subfield code="9">191190</subfield>
  </datafield>
  <datafield tag="650" ind1=" " ind2="4">
    <subfield code="a">Huevos</subfield>
    <subfield code="x">Producci&#xF3;n</subfield>
    <subfield code="9">56759</subfield>
  </datafield>
  <datafield tag="700" ind1="1" ind2=" ">
    <subfield code="a">Bello Olivera, Benito</subfield>
    <subfield code="9">128794</subfield>
    <subfield code="e">director.</subfield>
  </datafield>
  <datafield tag="700" ind1="1" ind2=" ">
    <subfield code="a">P&#xE9;rez Mart&#xED;nez, Jennifer</subfield>
    <subfield code="9">191050</subfield>
    <subfield code="e">secretario.</subfield>
  </datafield>
  <datafield tag="700" ind1="1" ind2=" ">
    <subfield code="a">Zambrano Velasco, Mar&#xED;a Guadalupe</subfield>
    <subfield code="9">128793</subfield>
    <subfield code="e">vocal.</subfield>
  </datafield>
  <datafield tag="700" ind1="1" ind2=" ">
    <subfield code="a">Sosa Montes, Esther</subfield>
    <subfield code="9">108817</subfield>
    <subfield code="e">suplente.</subfield>
  </datafield>
  <datafield tag="700" ind1="1" ind2=" ">
    <subfield code="a">Sosa Montes, Eliseo</subfield>
    <subfield code="9">108816</subfield>
    <subfield code="e">suplente.</subfield>
  </datafield>
  <datafield tag="856" ind1=" " ind2=" ">
    <subfield code="u">http://10.13.5.2/tesis/tl/1511924-4_PEDRAZA_REYES_SALVADOREDUARDO.pdf</subfield>
    <subfield code="z">DESCARGAR PDF</subfield>
  </datafield>
  <datafield tag="942" ind1=" " ind2=" ">
    <subfield code="2">Clasificaci&#xF3;n Universidad Aut&#xF3;noma Chapingo</subfield>
    <subfield code="c">TD</subfield>
  </datafield>
  <datafield tag="999" ind1=" " ind2=" ">
    <subfield code="c">220820</subfield>
    <subfield code="d">220820</subfield>
  </datafield>
  <datafield tag="952" ind1=" " ind2=" ">
    <subfield code="0">0</subfield>
    <subfield code="1">0</subfield>
    <subfield code="2">local</subfield>
    <subfield code="4">0</subfield>
    <subfield code="5">1</subfield>
    <subfield code="7">0</subfield>
    <subfield code="8">TesDigL</subfield>
    <subfield code="a">BD</subfield>
    <subfield code="b">BD</subfield>
    <subfield code="c">E_L</subfield>
    <subfield code="d">2025-08-15</subfield>
    <subfield code="l">0</subfield>
    <subfield code="o">Tesis digital</subfield>
    <subfield code="r">2025-08-15 15:32:00</subfield>
    <subfield code="w">2025-08-15</subfield>
    <subfield code="y">TD</subfield>
  </datafield>
</record>
